Latin American Countries Map Quiz - Statistics

General Stats
  • This quiz has been taken 38 times
  • The average score is 3 of 13
Answers on the Map
Answers color-coded by a green-red scale on the quiz's map according to % correct below.
 
Answer Stats
Answer % Correct
Mexico
88%
Colombia
53%
Chile
31%
Argentina
28%
Panama
19%
Cuba
9%
Ecuador
6%
Paraguay
6%
Venezuela
6%
Bolivia
3%
Panama
3%
Peru
0%
Uruguay
0%
No matching quizzes found
Score Distribution
Percent of People with Each Score
Percentile by Number Answered
Your Score History
You have not taken this quiz